000 00644nam a2200193Ii 4500
003 JO-AjNU
008 230605s9999||||xx |||||||||||||| ||und||
040 _aJO-AjNU
_bara
_erda
_cJO-AjNU
041 _aara
050 1 4 _aQ181.A9
100 3 _aخليل، عياد بباوى,
_eauthor
_98260
245 0 0 _aتدريس العلوم بمدارس المرحلة الثانوية العامة
264 3 1 _aالقاهرة: الكتاب العربي للنشر ، د.ت
300 _a198ص
336 _atext
_btxt
_2rdacontent
337 _aunmediated
_bn
_2rdamedia
338 _avolume
_bnc
_2rdacarrier
650 4 _aالعلوم - تدريس
_98261
999 _aA698
_c4266
_d4266